Municipis de la comarca del Pla de l'Estany amb mapa (Catalunya) - Statistics

General Stats
  • This quiz has been taken 54 times
  • The average score is 9 of 11
Answers on the Map
Answers color-coded by a green-red scale on the quiz's map according to % correct below.
 
Answer Stats
Answer % Correct
Porqueres
88%
Serinyà
88%
Banyoles
85%
Sant Miquel de Campmajor
85%
Crespià
81%
Vilademuls
81%
Cornellà del Terri
77%
Esponellà
77%
Palol de Revardit
73%
Fontcoberta
69%
Camós
62%
No matching quizzes found
Score Distribution
Percent of People with Each Score
Percentile by Number Answered
Your Score History
You have not taken this quiz